Statistiques concernant Bleach personnages

Cliquez ici pour prendre le quiz!

Statistiques générales

  • Ce quiz a été pris 57 fois
  • Le résultat moyen est 49 sur 269

Statistiques - réponses

EspèceIndiceRéponse% Correct
"Shinigami"École de KarakuraIchigo Kurosaki
100%
Shinigami13ème DivisionRukia Kuchiki
93%
FullbringerÉcole de KarakuraYasutora Sado / Chad
90%
QuincyÉcole de Karakura
Stern Ritters "A"
The Antithesis
Uryû Ishida
83%
ShinigamiUrahara Shop
12ème Division
Ancien Capitaine
Kisuke Urahara
80%
Âme ArtificiellePelucheKon
80%
HumainÉcole de KarakuraOrihime Inoue
78%
Shinigami1er Division
Capitaine
Genryûsai Shigekuni Yamamoto
70%
Shinigami6ème Division
Capitaine
Byakuya Kuchiki
68%
Shinigami3ème Division
Capitain
Gin Ichimaru
68%
Shinigami11ème Division
Capitaine
Kenpachi Zaraki
68%
ShinigamiUrahara Shop
2ème Division
Ancienne Capitaine
Yoruichi Shihôin
68%
ShinigamiFamille KurosakiIsshin Kurosaki
65%
Shinigami12ème DivisionRin Tsubokura
65%
Shinigami6ème Division
Vice Capitaine
Renji Abarai
63%
Shinigami2ème Division
Capitaine
Soi Fon
63%
HumainFamille KurosakiKarin Kurosaki
60%
Shinigami5ème Division
Capitaine
Sôsuke Aizen
60%
Shinigami9ème Division
Capitaine
Kaname Tôsen
58%
Shinigami4ème Division
Capitaine
Retsu Unohana / Yachiru Unohana
58%
QuincyFamille KurosakiMasaki Kurosaki
53%
Shinigami12ème Division
Capitaine
Mayuri Kurotsuchi
53%
ArrancarEspada 1Coyote Starrk
50%
ArrancarEspada 6Grimmjow Jaegerjaquez
50%
ShinigamiDivision 0Ichibê Hyôsube
50%
Shinigami3ème Division
Vice Capitaine
Izuru Kira
50%
ArrancarAncienne Espada 3Nelliel Tu Odelschwanck
50%
Shinigami10ème Division
Vice Capitaine
Rangiku Matsumoto
50%
Shinigami7ème Division
Capitaine
Sajin Komamura
50%
Vizard5ème Division
Ancien Capitaine
Shinji Hirako
50%
Shinigami10ème Division
Capitaine
Tôshirô Hitsugaya
50%
HumainFamille KurosakiYuzu Kurosaki
50%
Shinigami8ème Division
Capitaine
Shunsui Kyôraku
48%
ArrancarEspada 4Ulquiorra Cifer
48%
Shinigami4ème Division
Vice Capitaine
Isane Kotetsu
45%
Shinigami13ème Division
Capitaine
Jûshirô Ukitake
45%
Shinigami5ème Division
Vice Capitaine
Momo Hinamori
45%
ArrancarEspada 5Nnoitra Gilga
45%
Shinigami11ème Division
Vice Capitaine
Yachiru Kusajishi
45%
ArrancarEspada 2Baraggan Louisenbairn
43%
Shinigami11ème Division
3ème Lieutenant
Ikkaku Madarame
43%
HumainEnfantIno
43%
QuincyStern Ritters "B"
The Balance
Jugram Haschwalth
43%
Vizard8ème Division
Ancienne Vice Capitaine
Lisa Yadômaru
43%
Shinigami8ème Division
Vice Capitaine
Nanao Ise
43%
FullbringerXcutionKûgo Ginjô
40%
Shinigami2ème Division
Vice Capitaine
Marechiyo Ômaeda
40%
Shinigami9ème Division
Vice Capitaine
Shûhei Hisagi
40%
HumainÉcole de KarakuraTatsuki Arisawa
40%
Shinigami7ème Division
Vice Capitaine
Tetsuzaemon Iba
40%
ArrancarEspada 10 / 0Yammy Llargo
40%
QuincyStern Ritters "H"
The Heat
Bazzard Black / Bazz-B
38%
Shinigami1er Division
Vice Capitaine
Chôjirô Sasakibe
38%
Vizard7ème Division
Ancien Capitaine
Love Aikawa
38%
Shinigami12ème Division
Vice Capitaine
Nemu Kurotsuchi
38%
QuincyFamille IshidaRyûken Ishida
38%
ArrancarEspada 3Tier Harribel
38%
QuincyStern Ritters "A"
The Almighty
Yhwach
38%
QuincyStern Ritters "F"
The Fear
Äs Nödt
35%
HumainÉcole de KarakuraKeigo Asano
35%
Vizard9ème Division
Ancien Capitaine
Kensei Muguruma
35%
ÂmeClan ShibaGanju Shiba
33%
FullbringerXcutionShûkurô Tsukishima
33%
ArrancarEspada 7Zommari Rureaux
33%
Shinigami12ème Division
3ème Lieutenant
Akon
30%
QuincyStern Ritters "D"
The Deathdealing
Askin Nakk Le Vaar
30%
QuincyStern Ritters "E"
The Explode
Bambietta Basterbine
30%
HumainMediumDon Kanonji
30%
QuincyStern Ritters "M"
The Miracle
Gerard Valkyrie
30%
QuincyStern Ritters "V"
The Visionary
Gremmy Thoumeaux
30%
VizardAncien Vice Chef du Corps
des Nécromanciens
Hachigen Ushôda
30%
Vizard12ème Division
Ancienne Vice Capitaine
Hiyori Sarugaki
30%
Shinigami13ème Division
Ancien Vice Capitaine
Kaien Shiba
30%
Shinigami11ème Division
5ème Lieutenant
Yumichika Ayasegawa
30%
Shinigami13 Sanguinaires
2ème Division
Ancien Capitaine
Chika Shihôin
28%
ShinigamiApprentie ShinigamiIchika Abarai
28%
FullbringerXcutionJackie Tristan
28%
HumainFamille KurosakiKazui Kurosaki
28%
ShinigamiDivision 0Ôetsu Nimaiya
28%
ShinigamiDivision 0Senjumaru Shutara
28%
ShinigamiUrahara Shop
Ancien Chef du Corps
des Nécromanciens
Tessai Tsukabishi
28%
HumainUrahara ShopUruru Tsumugiya
28%
ArrancarEspada 9Aaroniero Arruruerie
25%
Shinigami6ème Division
Ancien Capitaine
Ginrei Kuchiki
25%
HumainUrahara ShopJinta Hanakari
25%
ShinigamiDivision 0Kirio Hikifune
25%
ÂmeClan ShibaKûkaku Shiba
25%
QuincyStern Ritters "X"
The X-Axis
Lille Barro
25%
FullbringerXcutionRiruka Dokugamine
25%
Vizard3ème Division
Ancien Capitaine
Rôjûrô Ôtoribashi / Rose
25%
Shinigami4ème Division
7ème Lieutenant
Hanatarô Yamada
23%
Vizard9ème Division
Ancienne Vice Capitaine
Mashiro Kuna
23%
Shinigami6ème DivisionRikichi Yuki
23%
ArrancarEspada 8Szayelaporro Granz
23%
ShinigamiDivision 0Tenjirô Kirinji
23%
ÂmeClan TsunayashiroTokinada Tsunayashiro
23%
FullbringerXcutionYukio Hans Vorarlberna
23%
QuincyStern Ritters "T"
The Thunderbolt
Candice Catnipp
20%
ArrancarEspada 6 RemplaçantLuppi Antenor
20%
HumainÉcole de KarakuraMizuiro Kojima
20%
QuincyStern Ritters "C"
The Compulsory
Pernida Parnkgjas
20%
ArrancarArrancar 41Pesche Guatiche
20%
FullbringerXcutionGiriko Kutsuzawa
18%
HollowKarakuraGrand Fisher
18%
ArrancarArrancar 42Dondochakka Birstanne
15%
QuincyStern Ritters "Z"
The Zombie
Giselle Gewelle
15%
Shinigami11ème Division
Ancien Capitaine
Kenpachi Azashiro / Sôya Azashiro
15%
Shinigami11ème Division
Ancien Capitaine
Kenpachi Kuruyashiki
15%
ArrancarPartie de l'Espada 1Lilynette Gingerbuck
15%
FullbringerXcutionMoe Shishigawara
15%
QuincyStern Ritters "J"
The Jail
Quilge Opie
15%
QuincyStern Ritters "Y"
The Yourself
Royd Lloyd
15%
QuincyStern Ritters "I"
The Iron
Cang Du
13%
ÂmeClan KuchikiHisana Kuchiki
13%
ÂmeGardien de la Porte OuestJidanbô Ikkanzaka
13%
QuincyStern Ritters "Y"
The Yourself
Loyd Lloyd
13%
QuincyStern Ritters "S"
The Superstar
Mask De Masculine
13%
Shinigami13ème Division
3ème Lieutenant
Sentarô Kotsubaki
13%
ArrancarPrivaron Espada 103Dordoni Alessandro Del Socaccio
10%
ArrancarArrancar 55Franceska Mila Rose
10%
QuincyFamille IshidaKanae Katagiri
10%
Shinigami11ème Division
Ancien Capitaine
Kenpachi Kiganjō
10%
Shinigami13ème Division
3ème Lieutenant
Kiyone Kotetsu
10%
QuincyStern Ritters "G"
The Glutton
Liltotto Lamperd
10%
Shinigami4ème Division
Ancien Vice Capitaine
Seinosuke Yamada
10%
HollowAutreWhite
10%
ArrancarArrancar 20Charlotte Chuhlhourne
8%
ArrancarArrancar 26Ggio Vega
8%
HumainAmi de ChadHarutoki Ide
8%
QuincyVrai Stern Ritters "S"
The Superstar
James
8%
QuincyStern Ritters "P"
The Power
Meninas McAllon
8%
QuincyStern Ritters "L"
The Love
PePe Waccabrada
8%
DivinitéPalais du Roi SpirituelRoi Spirituel
8%
HumainÉcole de KarakuraRyô Kunieda
8%
Shinigami6ème Division
Ancien Vice Capitaine
Sôjun Kuchiki
8%
QuincyFamille IshidaSôken Ishida
8%
ArrancarArrancar 77Wonderweiss Margela
8%
ArrancarArrancar InconnuAsguiaro Ebern
5%
FullbringerXcutionAura Michibane
5%
HollowHueco MundoAyon
5%
QuincyStern Ritters "Q"
The Question
Berenice Gabrielli
5%
QuincyStern Ritters "K"BG9
5%
ArrancarArrancar 100Cien Granz
5%
ArrancarPrivaron Espada 105Cirucci Sanderwicci
5%
ArrancarArrancar 56Cyan Sung-Sun
5%
QuincyStern Ritters "O"
The Overkill
Driscoll Berci
5%
ArrancarArrancar 54Emilou Apacci
5%
Shinigami1er Division
3ème Lieutenant
Genshirô Okikiba
5%
Quincy
Stern Ritters "V"
The Vanishing Point
Guenael Lee
5%
HumainUnagiya ShopIkumi Unagiya
5%
QuincyStern Ritters "R"
The Roar
Jerome Guizbatt
5%
Shinigami7ème Division
4ème Lieutenant
Jirôbô Ikkanzaka
5%
ArrancarArrancar 33Loly Aivirrne
5%
DivinitéMain du Roi SpirituelMimihagi
5%
QuincyStern Ritters "U"
The Underbelly
NaNaNa Najahkoop
5%
QuincyStern Ritters "W"
The Wind
Nianzol Weizol
5%
Shinigami12ème DivisionNiko Kuna
5%
QuincyStern Ritters "N"Robert Accutrone
5%
HollowKarakuraThe Menos Grande
5%
ÂmeHabitant du RukongaiYûichi Shibata
5%
ÂmeClan ShihôinYûshirô Shihôin
5%
ArrancarArrancar 22Abirama Redder
3%
Shinigami7ème Division
Vice Capitaine
Atau Rindô
3%
Shinigami3ème Division
Ancienne Vice Capitaine
Chikane Iba
3%
HumainÉcole de KarakuraChizuru Honshô
3%
Shinigami13 Sanguinaires
5ème Division
Ancien Capitaine
Danjirô Obana
3%
ArrancarArrancar 16Di Roy Rinker
3%
ArrancarArrancar 13Edrad Liones
3%
ArrancarArrancar 24Findorr Calius
3%
HollowKarakuraFishbone D
3%
Shinigami13 Sanguinaires
6ème Division
Ancienne Capitaine
Furôfushi Saitô
3%
ArrancarPrivaron Espada 107Gantenbainne Mosqueda
3%
Shinigami9ème Division
3ème Lieutenant
Heizô Kasaki
3%
ÂmeÂme ArtificielleHikone Ubuginu
3%
HollowAutreIkomikidomoe
3%
Shinigami9ème Division
6ème Lieutenant
Izaemon Tôdô
3%
HumainÉcole de KarakuraKagine
3%
HumainÉcole de KarakuraMahana Natsui
3%
Shinigami2ème Division
Ancien Vice Capitaine
Marenoshin Ômaeda
3%
ArrancarArrancar 34Menoly Mallia
3%
HumainÉcole de KarakuraMichiru Ogawa
3%
HumainÉcole de KarakuraMisato Ochi
3%
HumainÉcole de KarakuraMizuho Asano
3%
ArrancarArrancar InconnuRoka Paramia
3%
ArrancarArrancar 11Shawlong Koufang
3%
QuincyStern Ritters "Σ"Shaz Domino
3%
Shinigami9ème Division
4ème Lieutenant
Shinobu Eishima
3%
Shinigami13ème DivisionShino Madarame
3%
Shinigami13 Sanguinaires
12ème Division
Ancien Capitaine
Uhin Zenjôji
3%
Shinigami13 Sanguinaires
8ème Division
Ancienne Capitaine
Unsai Katoribatsu
3%
Shinigami8ème Division
Vice Capitaine
Yuyu Yayahara
3%
Shinigami13ème DivisionZennosuke Kurumadani
3%
HollowKarakuraAcidwire / Sora Inoue
0%
ArrancarArrancar 17Aisslinger Wernarr
0%
Shinigami4ème DivisionAoga
0%
Shinigami3ème Division
6ème Lieutenant
Asuka Katakura
0%
HollowHueco MundoBawabawa
0%
HollowKarakuraBulbous G
0%
Shinigami13 Sanguinaires
4ème Division
Ancien Capitaine
Chigiri Shijima
0%
ArrancarArrancar 25Choe Neng Poww
0%
ÂmeGardien de la Porte NordDanzômaru
0%
ArrancarArrancar 18Demoura Zodd
0%
Shinigami13 Sanguinaires
10ème Division
Ancien Capitaine
Furuoki Ôtogawa
0%
ShinigamiInstructeurGengorô Ônabara
0%
Shinigami6ème Division
Ancien Vice Capitaine
Ginjirô Shirogane
0%
HumainAmi de ChadGitano Shigeo
0%
Shinigami11ème DivisionGoteitaishi
0%
Shinigami4ème Division
8ème Lieutenant
Harunobu Ogidô
0%
HumainEnfantHashigami
0%
ÂmePalais du Roi SpirituelHasuka Hashihara
0%
HollowKarakuraHexapodus
0%
Shinigami13ème Division
6ème Lieutenant
Hidetomo Kajômaru
0%
ÂmeGardien de la Porte SudHigonyûdô
0%
ÂmeHabitant du RukongaiHironari Horiuchi
0%
Shinigami12ème DivisionHiyosu
0%
HollowHueco MundoHooleer
0%
ShinigamiApprentie ShinigamiHotaru Kanisawa
0%
QuincyFamille IshidaIzumi Ishida
0%
Shinigami7ème Division
Ancien Vice Capitaine
Jinemon Kotsubaki
0%
ÂmeGardien de la Porte EstKaiwan
0%
ShinigamiAmie de KanameKakyô
0%
HumainEnfantKaneda
0%
HumainUnagiya ShopKaoru Unagiya
0%
ÂmePalais du Roi SpirituelKazuhiro
0%
ÂmePalais du Roi SpirituelKazuo
0%
HumainÉcole de KarakuraKeisuke Sorimachi
0%
Shinigami13 Sanguinaires
3ème Division
Ancien Capitaine
Kinroku Izuhara
0%
ÂmeClan ShibaKoganehiko
0%
Shinigami10ème Division
7ème Lieutenant
Kôkichirô Takezoe
0%
ArrancarArrancar 35Kukkapûro
0%
Shinigami13 Sanguinaires
9ème Division
Ancien Capitaine
Kumoi Entetsu
0%
ArrancarArrancar InconnuLuders Friegen
0%
ArrancarArrancar InconnuLumina
0%
Shinigami11ème DivisionMakizô Aramaki
0%
ArrancarArrancar InconnuMedazeppi
0%
ÂmePalais du Roi SpirituelMera Hiuchigashima
0%
HollowHueco MundoMetastacia
0%
Shinigami6ème Division
9ème Lieutenant
Mihane Shirogane
0%
Shinigami13ème Division
Ancienne 3ème Lieutenant
Miyako Shiba
0%
ArrancarArrancar 14Nakeem Grindina
0%
ArrancarArrancar 27Nirgge Parduoc
0%
Shinigami13 Sanguinaires
7ème Division
Ancien Capitaine
Nobutsuna Shigyô
0%
ÂmeClan KuchikiNobutsune Seike
0%
ÂmePalais du Roi SpirituelNonomi Nomino
0%
HollowKarakuraNumb Chandelier
0%
HumainFamille de ChadOscar Joaquín de la Rosa
0%
ArrancarArrancar 102Pícaro
0%
HumainÉcole de KarakuraReiichi Ôshima
0%
Shinigami3ème Division
3ème Lieutenant
Rikû Togakushi
0%
ArrancarArrancar 61Rudbornn Chelute
0%
HollowHueco MundoRunuganga
0%
Shinigami13ème DivisionRyûnosuke Yuki
0%
Shinigami13 Sanguinaires
13ème Division
Ancien Capitaine
Saizô Sakahone
0%
ÂmeClan ShibaShiroganehiko
0%
HollowKarakuraShrieker
0%
Shinigami10ème DivisionShûtetsu Nagakiso
0%
Shinigami3ème Division
5ème Lieutenant
Taketsuna Gori
0%
Shinigami8ème Division
3ème Lieutenant
Tatsufusa Enjôji
0%
ArrancarArrancar 50Tesra Lindocruz
0%
HollowKarakuraThe Demi-Hollow
0%
ÂmePalais du Roi SpirituelTokie Tonokawa
0%
Shinigami12ème DivisionTorue
0%
Shinigami9ème Division
20ème Lieutenant
Toshimori Umesada
0%
ÂmePalais du Roi SpirituelTsumiko Tsuchimiya
0%
ArrancarArrancar InconnuVerona
0%
Shinigami4ème Division
3ème Lieutenant
Yasochika Iemura
0%
HumainLoubardYokochini
0%
ArrancarArrancar 15Yylfordt Granz
0%
HollowKarakuraZonzain
0%

Distribution des résultats

Percentile par nombre de réponses

% des personnes avec chaque résultat

Votre développement - résultats

Vous n’avez pas pris ce quiz